00805nam a2200229 i 4500001000300000100003100003245010200034260008900136300002800225504002600253650003200279650002700311015001800338020001800356020001800374040000800392041000800400044000800408080002000416008004100436856009800477bg1 aGlińska-Neweś, Aldona.10aKulturowe uwarunkowania zarządzania wiedzą w przedsiębiorstwie /cAldona Glińska-Neweś. aToruń :bTowarzystwo Naukowe Organizacji i Kierownictwa "Dom Organizatora",c2007. a326 s. :bil. ;c24 cm. aBibliogr. s. 263-280. 9aPrzedsiębiorstwoxkultura 9aZarządzanie wiedzą aPB 20494/2007 a9788372853370 a9788372853370 cBPK0 apol aPOL a658.1/.5:005.94080312s2007 pl a |000 0 pol  uhttp://koha.tu.koszalin.pl/cgi-bin/koha/opac-detail.pl?biblionumber=54423yKatalog online BPK